[Event "World Blitz 2025"]
[Site "Doha QAT"]
[Date "2025.12.29"]
[Round "7.41"]
[White "Dominguez Perez, Leinier"]
[Black "Erdogmus, Yagiz Kaan"]
[Result "1-0"]
[WhiteTitle "GM"]
[BlackTitle "GM"]
[WhiteElo "2738"]
[BlackElo "2658"]
[WhiteFideId "3503240"]
[BlackFideId "44599790"]
[EventDate "2025.12.29"]

1. e4 e5 2. Nf3 Nc6 3. Bc4 Bc5 4. c3 Nf6 5. d3 d6 6. O-O a5 7. Re1 Ba7 8. Nbd2
O-O 9. h3 Be6 10. Bb5 Ne7 11. d4 Ng6 12. Ba4 Nh5 13. Nf1 Nhf4 14. Bc2 exd4 15.
cxd4 d5 16. e5 f6 17. Bxf4 Nxf4 18. Qd2 fxe5 19. Rxe5 Qf6 20. N1h2 g6 21. Rae1
c6 22. h4 Bb8 23. Rxe6 Nxe6 24. Ng4 Qf4 25. Qxf4 Nxf4 26. Re7 Kh8 27. Ng5 Ne2+
28. Kh1 Rf4 29. Rxh7+ Kg8 30. Nh6+ Kf8 31. Ne6+ 1-0

[Event "World Blitz 2025"]
[Site "Doha QAT"]
[Date "2025.12.29"]
[Round "7.42"]
[White "Madaminov, Mukhiddin"]
[Black "Lazavik, Denis"]
[Result "0-1"]
[WhiteTitle "GM"]
[BlackTitle "GM"]
[WhiteElo "2552"]
[BlackElo "2605"]
[WhiteFideId "14210703"]
[BlackFideId "13515110"]
[EventDate "2025.12.29"]

1. e4 e5 2. Nf3 Nc6 3. Bb5 a6 4. Ba4 Nf6 5. O-O Be7 6. d3 b5 7. Bb3 d6 8. Bd2
O-O 9. h3 h6 10. a4 Rb8 11. axb5 axb5 12. Nc3 Re8 13. Nd5 Bf8 14. Re1 Nxd5 15.
Bxd5 Ne7 16. Bb3 Ng6 17. Ra7 Rb7 18. Ra8 c6 19. Qa1 Qe7 20. Qa2 Be6 21. Bxe6
Qxe6 22. Qxe6 Rxe6 23. Rea1 d5 24. Rd8 dxe4 25. dxe4 Kh7 26. Be3 Be7 27. Rc8 Bf6
28. Kf1 Rd7 29. Ne1 Bg5 30. Bc5 Rd2 31. g3 Rd8 32. Rc7 Be7 33. Be3 Kg8 34. h4
Bf8 35. Nd3 f6 36. Ra6 Ne7 37. Ke2 Red6 38. Bc5 R6d7 39. Bxe7 Bxe7 40. Raxc6 Kf7
41. Rxd7 Rxd7 42. Rb6 Rd4 43. f3 b4 44. h5 Rc4 45. Kd2 Rd4 46. Rb7 Ke6 47. Kc1
Rc4 48. Kb1 Bf8 49. Ka2 Rxc2 50. f4 Rd2 51. f5+ Kd6 52. Nxb4 Re2 53. Kb3 0-1

[Event "World Blitz 2025"]
[Site "Doha QAT"]
[Date "2025.12.29"]
[Round "7.43"]
[White "Dardha, Daniel"]
[Black "Movahed, Sina"]
[Result "0-1"]
[WhiteTitle "GM"]
[BlackTitle "GM"]
[WhiteElo "2603"]
[BlackElo "2596"]
[WhiteFideId "240990"]
[BlackFideId "42520835"]
[EventDate "2025.12.29"]

1. Nf3 Nf6 2. b3 g6 3. Bb2 Bg7 4. g3 O-O 5. Bg2 d6 6. d4 b5 7. O-O Bb7 8. Qd3 a6
9. Nbd2 Nc6 10. a3 Nd7 11. c4 e5 12. e3 Re8 13. Qc2 Rb8 14. Rac1 bxc4 15. Nxc4
e4 16. Ne1 d5 17. Nd2 a5 18. f4 Ne7 19. Bh3 c6 20. Bc3 Nf6 21. b4 a4 22. Rf2 Bc8
23. Bxc8 Qxc8 24. Qxa4 Ra8 25. Qb3 Ng4 26. Re2 Qa6 27. b5 cxb5 28. Bb4 Nf5 29.
Ng2 Red8 30. Bc5 b4 31. Ree1 bxa3 32. h3 Ngxe3 33. Rxe3 a2 34. Ree1 Nxd4 35. Qe3
Nf5 36. Qf2 Bb2 37. Rcd1 a1=Q 38. Rxa1 Bxa1 39. g4 Ng7 40. f5 Bc3 41. Rf1 Rd7
42. Ne3 Qc6 43. Nb3 Qb5 44. g5 Qxb3 45. Ng4 Nxf5 46. Qf4 Bg7 0-1

[Event "World Blitz 2025"]
[Site "Doha QAT"]
[Date "2025.12.29"]
[Round "7.44"]
[White "Oro, Faustino"]
[Black "Stefansson, Vignir Vatnar"]
[Result "1/2-1/2"]
[WhiteTitle "IM"]
[BlackTitle "GM"]
[WhiteElo "2503"]
[BlackElo "2519"]
[WhiteFideId "20000197"]
[BlackFideId "2308649"]
[EventDate "2025.12.29"]

1. e4 c5 2. Nf3 d6 3. d4 cxd4 4. Nxd4 Nf6 5. Nc3 Nc6 6. Bg5 g6 7. Bxf6 exf6 8.
Bb5 Bd7 9. O-O Bg7 10. Nb3 Be6 11. Nd5 O-O 12. c3 f5 13. exf5 Bxf5 14. Re1 Be6
15. Nf4 Qf6 16. Ne2 Rad8 17. Ned4 Ne5 18. Be2 a6 19. a4 Bd5 20. Nd2 Rfe8 21. Nf1
h5 22. Nc2 Be4 23. Nd2 Bc6 24. Nb4 h4 25. Nxc6 Nxc6 26. h3 d5 27. Bf3 d4 28. Ne4
Qf4 29. Qc1 Qc7 30. Qg5 dxc3 31. bxc3 Qe7 32. Qf4 Be5 33. Qh6 Bg7 34. Qf4 Qe5
35. Qxh4 Qf5 36. Red1 Rxd1+ 37. Rxd1 Ne5 38. Be2 Rb8 39. Nd6 Qe6 40. Qg3 Rd8 41.
Ne4 Rxd1+ 42. Bxd1 Qc4 43. Ng5 Qd3 44. Qxd3 Nxd3 45. Ne4 f5 46. Nd6 Nc5 47. c4
Kf8 48. Bf3 b6 49. Nc8 Nxa4 50. Bc6 Nb2 51. Nxb6 Bd4 52. c5 Ke7 53. Nd5+ Kf7 54.
Bb7 Bxc5 55. Bxa6 Na4 56. Bc4 Kg7 57. Nf4 Kf6 58. Bb3 Nb6 59. g3 g5 60. Nd3 Bd4
61. Kg2 Nd7 62. Bc2 Ne5 63. Nb4 Ke6 64. f4 gxf4 65. gxf4 Ng6 66. Kf3 Bc5 67.
Bb3+ Kf6 68. Nd5+ Kg7 69. Bc2 Ne7 70. Nc3 Kf6 71. Ne2 Ng6 72. Ng3 Nh4+ 73. Ke2
Bd6 74. Ke3 Ng2+ 75. Kf3 Nxf4 76. Bxf5 Bb8 77. h4 Kg7 78. Bb1 Nd5 79. Nf5+ Kf6
80. Kg4 Bf4 81. Nd4 Bc1 82. Be4 Ne7 83. Ne2 Bd2 84. Bc2 Ng8 85. Ng3 Nh6+ 86. Kh5
Bc1 87. Nf5 Nf7 88. Ng3 Ne5 89. Ne4+ Kg7 90. Nc5 Bd2 91. Ne4 Bc1 92. Ng5 Bd2 93.
Be4 Bc1 94. Ne6+ Kf6 95. Nd4 Be3 96. Ne2 Bd2 97. Ng1 Be3 98. Nf3 Nxf3 99. Bxf3
Kg7 1/2-1/2

[Event "World Blitz 2025"]
[Site "Doha QAT"]
[Date "2025.12.29"]
[Round "7.45"]
[White "Hakobyan, Aram"]
[Black "Tsaruk, Maksim"]
[Result "1/2-1/2"]
[WhiteTitle "GM"]
[BlackTitle "GM"]
[WhiteElo "2613"]
[BlackElo "2515"]
[WhiteFideId "13306677"]
[BlackFideId "13511173"]
[EventDate "2025.12.29"]

1. d4 Nf6 2. c4 e6 3. Nf3 b6 4. g3 Bb7 5. Bg2 Be7 6. O-O O-O 7. h4 a5 8. Nc3 Ne4
9. Bd2 f5 10. Be1 d6 11. Qc2 Nxc3 12. Bxc3 Be4 13. Qd1 Nd7 14. e3 Qc8 15. Bh3
Qb7 16. Nd2 Bc6 17. e4 Nf6 18. d5 exd5 19. exd5 Bd7 20. Re1 Rae8 21. Qc2 Qc8 22.
Nf3 f4 23. Be6+ Bxe6 24. dxe6 fxg3 25. fxg3 Nh5 26. Qg2 Bf6 27. Bxf6 Rxf6 28.
Nd4 Rg6 29. Re3 c5 30. Nf5 Rexe6 31. Qd5 Kh8 32. Rae1 Rxe3 33. Rxe3 Nf6 34. Qf7
Qg8 35. Nxd6 Qxf7 36. Nxf7+ Kg8 37. Ne5 Ng4 38. Nxg4 Rxg4 39. b3 a4 40. Kf2 axb3
41. axb3 Kf7 42. Kf3 h5 43. Re5 g6 44. Rd5 Ke6 45. Rd8 Ke5 46. Rb8 Rd4 47. Rxb6
Rd3+ 48. Kf2 Ke4 49. Re6+ Kf5 50. Rb6 Rc3 51. Rb5 Kg4 52. Rxc5 Rc2+ 53. Ke3 Kxg3
54. Rg5+ Kxh4 55. Rxg6 Rc3+ 56. Kd4 Rxb3 57. c5 Rb1 58. c6 Rc1 59. Kd5 Kh3 60.
Kd6 h4 61. Rg5 Rf1 62. c7 Rf8 63. Ke7 Ra8 64. Rb5 Ra7 65. Kd6 Rxc7 66. Kxc7 Kg2
67. Rb2+ Kg3 68. Rb3+ Kg2 69. Rb2+ Kg3 70. Rb3+ Kg2 71. Kd6 h3 72. Ke5 h2 73.
Rb2+ Kg3 74. Rb1 Kg2 75. Kf4 h1=Q 76. Rxh1 Kxh1 77. Ke4 1/2-1/2

[Event "World Blitz 2025"]
[Site "Doha QAT"]
[Date "2025.12.29"]
[Round "7.46"]
[White "Grandelius, Nils"]
[Black "Gaehwiler, Gabriel"]
[Result "0-1"]
[WhiteTitle "GM"]
[BlackTitle "IM"]
[WhiteElo "2664"]
[BlackElo "2382"]
[WhiteFideId "1710400"]
[BlackFideId "1314530"]
[EventDate "2025.12.29"]

1. d4 Nf6 2. c4 g6 3. g3 Bg7 4. Bg2 O-O 5. Nc3 d6 6. Nf3 Bf5 7. O-O c6 8. b3 Ne4
9. Bb2 Nxc3 10. Bxc3 Be4 11. Qd2 Nd7 12. Rfe1 Nf6 13. Rac1 a5 14. Qb2 a4 15. b4
Re8 16. Nd2 Bxg2 17. Kxg2 d5 18. e4 dxe4 19. Nxe4 b5 20. Qe2 Nxe4 21. Qxe4 Qd7
22. d5 cxd5 23. cxd5 Rac8 24. Bxg7 Rxc1 25. Rxc1 Kxg7 26. Rc5 h5 27. h4 Kg8 28.
Qe5 Rd8 29. a3 Re8 30. Qe2 Rb8 31. Qe5 Rd8 32. Qg5 Qb7 33. Kg1 Kf8 34. Qc1 Rxd5
35. Rc7 Qb6 36. Qh6+ Kg8 37. Rxe7 Rd1+ 38. Kg2 Qc6+ 39. f3 Qc2+ 0-1

[Event "World Blitz 2025"]
[Site "Doha QAT"]
[Date "2025.12.29"]
[Round "7.47"]
[White "Kevlishvili, Robby"]
[Black "Ohanyan, Emin"]
[Result "1/2-1/2"]
[WhiteTitle "GM"]
[BlackTitle "GM"]
[WhiteElo "2527"]
[BlackElo "2493"]
[WhiteFideId "1040634"]
[BlackFideId "13312022"]
[EventDate "2025.12.29"]

1. e4 c5 2. Nf3 e6 3. c3 d5 4. exd5 exd5 5. d4 Nc6 6. Bb5 Bd6 7. O-O Ne7 8. Nbd2
O-O 9. dxc5 Bxc5 10. Nb3 Bb6 11. Nfd4 Qd6 12. Re1 Ng6 13. Bf1 a6 14. g3 Nce5 15.
Bg2 Bg4 16. Qc2 Rae8 17. Bd2 Bd7 18. Nf5 Qf6 19. Nbd4 Bc6 20. b3 h6 21. Re2 Nd7
22. Rae1 Rxe2 23. Rxe2 Nc5 24. Nxc6 bxc6 25. Be3 Nd7 26. Bd4 Bxd4 27. cxd4 Rc8
28. Bxd5 c5 29. Bg2 Qb6 30. d5 Qf6 31. h3 Kh8 32. d6 Nge5 33. f4 Ng6 34. Ne7 Rd8
35. Qd3 Nb6 36. Nxg6+ fxg6 37. Rd2 a5 38. Kh2 Qe6 39. Qb5 Rxd6 40. Qxa5 Rxd2 41.
Qxd2 Kh7 42. Qd3 Qf6 43. a4 Nc8 44. a5 Qb2 45. a6 Qa2 46. Qc4 Nd6 47. Qxc5 Qxa6
48. b4 Nf5 49. b5 Qa5 50. h4 h5 51. Qc6 Nd4 52. Qc4 Nxb5 53. Be4 Qd2+ 54. Kh3
Nd6 55. Qd3 Nxe4 56. Qxe4 Qd1 57. Kg2 Qd2+ 1/2-1/2

[Event "World Blitz 2025"]
[Site "Doha QAT"]
[Date "2025.12.29"]
[Round "7.48"]
[White "Tin, Jingyao"]
[Black "Uskov, Artem"]
[Result "0-1"]
[WhiteTitle "GM"]
[BlackTitle "GM"]
[WhiteElo "2584"]
[BlackElo "2516"]
[WhiteFideId "5804418"]
[BlackFideId "34254854"]
[EventDate "2025.12.29"]

1. d4 Nf6 2. c4 e6 3. Nc3 Bb4 4. Qc2 d6 5. Bd2 O-O 6. a3 Bxc3 7. Bxc3 b6 8. Nf3
Bb7 9. g3 Ne4 10. Bg2 f5 11. Nd2 d5 12. cxd5 exd5 13. O-O Nd7 14. Rac1 Rc8 15.
Nf3 Re8 16. e3 Qe7 17. a4 a5 18. Rb1 Ndf6 19. b4 axb4 20. Bxb4 c5 21. dxc5 bxc5
22. Ba3 Bc6 23. Nd4 Bd7 24. Rb7 cxd4 25. Qxc8 Qxa3 26. Qc1 Qxa4 27. exd4 Qxd4
28. Qf4 Qc5 29. Rc1 Qa5 30. Bxe4 Rxe4 31. Qb8+ Kf7 32. Rcc7 Re7 33. Rb1 f4 34.
Rcb7 f3 35. Rf1 Qa4 36. h3 Qe4 37. Qa7 Qe6 38. g4 Nxg4 39. Qa3 Ne5 40. Rb4 Qg6+ 0-1

[Event "World Blitz 2025"]
[Site "Doha QAT"]
[Date "2025.12.29"]
[Round "7.49"]
[White "Theodorou, Nikolas"]
[Black "Klukin, Kirill"]
[Result "1/2-1/2"]
[WhiteTitle "GM"]
[BlackTitle "IM"]
[WhiteElo "2652"]
[BlackElo "2414"]
[WhiteFideId "4262875"]
[BlackFideId "24199273"]
[EventDate "2025.12.29"]

1. d4 d5 2. Nf3 e6 3. c4 Nf6 4. g3 dxc4 5. Bg2 Bb4+ 6. Bd2 c5 7. O-O O-O 8. a3
Bxd2 9. Nbxd2 cxd4 10. Nxc4 Nc6 11. Rc1 d3 12. exd3 Bd7 13. Qb3 Na5 14. Nxa5
Qxa5 15. Qxb7 Rab8 16. Qc7 Qa6 17. Qc3 Nd5 18. Qd2 Bb5 19. Ne5 Rfd8 20. Rfe1 Qb6
21. b4 Qa6 22. Ra1 Nf6 23. a4 Bxa4 24. Nc6 Qxc6 25. Bxc6 Bxc6 26. Rxa7 Bb5 27.
d4 Nd5 28. Rc1 Be8 29. h3 Rxb4 30. Rca1 Rbb8 31. R7a3 h6 32. Rf3 Rb7 33. Rc1
Rbd7 34. Rb1 Ne7 35. Rd3 Nc6 36. Rd1 Nxd4 37. Rxd4 Rxd4 38. Qxd4 Rxd4 39. Rxd4
Kf8 40. Rb4 Ke7 41. f3 g5 42. Kf2 Kf6 43. h4 Bc6 44. Ke3 Bd5 45. Ra4 Bc6 46. Rc4
Bd5 47. Rc8 Kg7 48. Rd8 Kf6 49. Rg8 Bc6 50. f4 gxh4 51. gxh4 Bd5 52. Kf2 Be4 53.
h5 Bf5 54. Kg3 Be4 55. Rh8 Kg7 56. Rb8 Kf6 57. Rb5 Bf5 58. Rc5 Be4 59. Kf2 Bd5
60. Rc7 Be4 61. Kg3 Bf5 62. Ra7 Be4 63. Ra5 Bf5 64. Re5 Bc2 65. Rc5 Bf5 66. Kh4
Be4 67. Ra5 Bf5 68. Ra7 Be4 69. Rc7 Bf5 70. Rc8 Be4 71. Rc5 Bf5 72. Ra5 1/2-1/2

[Event "World Blitz 2025"]
[Site "Doha QAT"]
[Date "2025.12.29"]
[Round "7.50"]
[White "Adhiban, Baskaran"]
[Black "Raja, Rithvik R"]
[Result "0-1"]
[WhiteTitle "GM"]
[BlackTitle "GM"]
[WhiteElo "2557"]
[BlackElo "2541"]
[WhiteFideId "5018471"]
[BlackFideId "35007394"]
[EventDate "2025.12.29"]

1. d4 Nf6 2. Nf3 d5 3. c4 e6 4. g3 dxc4 5. Nc3 a6 6. Ne5 b5 7. Bg2 c6 8. Nxc6
Qb6 9. Nxb8 Rxb8 10. O-O Bb7 11. e4 b4 12. Na4 Qa5 13. d5 exd5 14. exd5 Bxd5 15.
Re1+ Be7 16. Bg5 Bxg2 17. Bxf6 gxf6 18. Kxg2 Rd8 19. Qe2 Rd7 20. Rad1 Qxa4 21.
Rd6 Qb5 22. Qe4 Kf8 23. Rc6 Qb7 24. Kg1 h5 25. Qxc4 0-1

[Event "World Blitz 2025"]
[Site "Doha QAT"]
[Date "2025.12.29"]
[Round "7.51"]
[White "Sanal, Vahap"]
[Black "Nurgaliyev, Sauat"]
[Result "0-1"]
[WhiteTitle "GM"]
[BlackTitle "IM"]
[WhiteElo "2546"]
[BlackElo "2437"]
[WhiteFideId "6300545"]
[BlackFideId "13726285"]
[EventDate "2025.12.29"]

1. e4 c5 2. Nc3 d6 3. Bb5+ Bd7 4. Bxd7+ Qxd7 5. d4 cxd4 6. Qxd4 Nc6 7. Qd3 Nf6
8. Bg5 Rc8 9. Nf3 Ng4 10. O-O g6 11. h3 Nge5 12. Nxe5 Nxe5 13. Qd4 Bg7 14. Qxa7
h6 15. Bh4 g5 16. Bg3 Nc4 17. Nd5 O-O 18. Nb6 Nxb6 19. Qxb6 Rxc2 20. Rab1 Ra8
21. Qb3 Qc6 22. Rfe1 Ra5 23. h4 Rb5 24. Qe3 Rcxb2 25. Rbc1 Rc2 26. hxg5 hxg5 27.
a4 Rxc1 28. Rxc1 Rc5 29. Rb1 Rc4 30. Qxg5 Qxe4 31. Qb5 Rc5 32. Qe8+ Bf8 33. Rf1
Qc6 34. Qb8 Ra5 35. Re1 Rxa4 36. Rxe7 Qc1+ 37. Kh2 Qh6+ 0-1

[Event "World Blitz 2025"]
[Site "Doha QAT"]
[Date "2025.12.29"]
[Round "7.52"]
[White "Ponkratov, Pavel"]
[Black "Meng, Yihan"]
[Result "1-0"]
[WhiteTitle "GM"]
[BlackTitle "IM"]
[WhiteElo "2587"]
[BlackElo "2456"]
[WhiteFideId "4157800"]
[BlackFideId "8631891"]
[EventDate "2025.12.29"]

1. Nf3 d5 2. g3 g6 3. c4 dxc4 4. Qa4+ Nc6 5. Qxc4 Bg7 6. Bg2 e5 7. O-O Nge7 8.
d3 O-O 9. Nc3 Be6 10. Qh4 Nf5 11. Qxd8 Rfxd8 12. Ng5 Bd7 13. Nge4 Be8 14. Bg5
Rdc8 15. Nf6+ Kh8 16. Nxe8 Rxe8 17. Bxc6 bxc6 18. Rfc1 Rab8 19. b3 Nd4 20. Kf1
Re6 21. Rab1 Nb5 22. Nxb5 Rxb5 23. Be3 a6 24. Rc2 e4 25. dxe4 Rxe4 26. Rxc6 a5
27. Rxc7 Bd4 28. Rc4 Rb4 29. Bxd4+ Rxd4 30. Rxd4 Rxd4 31. Ke1 Kg7 32. Rc1 a4 33.
Rc4 1-0

[Event "World Blitz 2025"]
[Site "Doha QAT"]
[Date "2025.12.29"]
[Round "7.53"]
[White "Mamedyarov, Shakhriyar"]
[Black "Daneshvar, Bardiya"]
[Result "0-1"]
[WhiteTitle "GM"]
[BlackTitle "GM"]
[WhiteElo "2730"]
[BlackElo "2600"]
[WhiteFideId "13401319"]
[BlackFideId "12576468"]
[EventDate "2025.12.29"]

1. c4 c6 2. Nf3 d5 3. d4 Nf6 4. Nc3 e6 5. Qd3 Nbd7 6. g3 a5 7. Bg2 b6 8. O-O Ba6
9. b3 Be7 10. e4 O-O 11. Rd1 b5 12. Nd2 bxc4 13. bxc4 Nb6 14. e5 Nfd7 15. Qf3
Nxc4 16. Nxc4 Bxc4 17. h4 c5 18. Be3 cxd4 19. Bxd4 Rc8 20. Rab1 Bc5 21. Bxc5
Rxc5 22. Qe3 Qc7 23. f4 Ba6 24. Ne4 dxe4 25. Rxd7 Qxd7 26. Qxc5 Qd3 27. Rb6 e3
28. Qc1 e2 29. Qe1 Qe3+ 0-1

[Event "World Blitz 2025"]
[Site "Doha QAT"]
[Date "2025.12.29"]
[Round "7.54"]
[White "Svane, Rasmus"]
[Black "Ganguly, Surya Shekhar"]
[Result "1/2-1/2"]
[WhiteTitle "GM"]
[BlackTitle "GM"]
[WhiteElo "2608"]
[BlackElo "2568"]
[WhiteFideId "4657101"]
[BlackFideId "5002150"]
[EventDate "2025.12.29"]

1. Nf3 d5 2. g3 c5 3. Bg2 Nf6 4. O-O g6 5. d4 cxd4 6. Nxd4 e5 7. Nb3 Be6 8. Bg5
Nbd7 9. Nc3 h6 10. Bxf6 Nxf6 11. Qd2 Bg7 12. Rad1 d4 13. Ne4 Nxe4 14. Bxe4 Qe7
15. c3 dxc3 16. Qxc3 O-O 17. Qc5 Rfe8 18. Bd5 Bh3 19. Bg2 Bxg2 20. Kxg2 b6 21.
Qxe7 Rxe7 22. e4 Rc8 23. Rc1 Rec7 24. Rxc7 Rxc7 25. Rc1 Rxc1 26. Nxc1 h5 27. f3
f6 28. Kf2 Kf7 29. Ke2 Ke6 30. Nd3 Bf8 31. h3 f5 32. a4 a6 33. b3 b5 34. axb5
axb5 35. Ke3 Bh6+ 36. Ke2 Bf8 37. Kd2 Bh6+ 38. Kd1 Be3 39. Ke2 Bd4 40. Kd2 Kd6
41. Ke2 1/2-1/2

[Event "World Blitz 2025"]
[Site "Doha QAT"]
[Date "2025.12.29"]
[Round "7.55"]
[White "Hong, Andrew"]
[Black "Iturrizaga Bonelli, Eduardo"]
[Result "0-1"]
[WhiteTitle "GM"]
[BlackTitle "GM"]
[WhiteElo "2568"]
[BlackElo "2592"]
[WhiteFideId "2099438"]
[BlackFideId "3901211"]
[EventDate "2025.12.29"]

1. d4 Nf6 2. Nc3 d5 3. Bf4 a6 4. e3 g6 5. h4 h6 6. Nf3 Bg7 7. Ne5 Nbd7 8. Bd3
Nf8 9. Qf3 c6 10. O-O-O Be6 11. g4 h5 12. gxh5 Nxh5 13. Bh2 Nf6 14. Bf4 Rh5 15.
Rdg1 Rc8 16. Kb1 c5 17. dxc5 Rxc5 18. Ne2 Ne4 19. Qxh5 gxh5 20. Rxg7 f6 21. Nf3
Nxf2 22. Rhg1 Nxd3 23. cxd3 Bg4 24. Ned4 e5 25. Nxe5 fxe5 26. Bxe5 Qxh4 27. Rf1
Qh3 28. Rgf7 Nd7 29. Bd6 Qxe3 30. Bxc5 Nxc5 31. Rf8+ Kd7 32. R1f7+ Kd6 33. Rd8+
Ke5 34. Re7+ Kxd4 35. Rxe3 Kxe3 36. Rxd5 Nxd3 37. a3 h4 38. Kc2 Nf2 39. Re5+ Kf4
40. Re7 h3 41. Kd2 h2 42. Rh7 0-1

[Event "World Blitz 2025"]
[Site "Doha QAT"]
[Date "2025.12.29"]
[Round "7.56"]
[White "Amar, Elham"]
[Black "Chasin, Nico"]
[Result "1-0"]
[WhiteTitle "GM"]
[BlackTitle "IM"]
[WhiteElo "2592"]
[BlackElo "2517"]
[WhiteFideId "1533533"]
[BlackFideId "30908477"]
[EventDate "2025.12.29"]

1. e4 e5 2. Nc3 Nf6 3. d4 exd4 4. Qxd4 Nc6 5. Qd3 Bc5 6. Qg3 O-O 7. Bg5 Bd4 8.
Nge2 Bxc3+ 9. Nxc3 Qe7 10. O-O-O Qe6 11. f3 d6 12. Nd5 Ne8 13. Bc4 Kh8 14. Nb6
axb6 15. Bxe6 Bxe6 16. a3 b5 17. Bd2 Ra4 18. Bc3 f6 19. h4 b4 20. axb4 Nxb4 21.
b3 Na2+ 22. Kb2 Nxc3 23. Kxc3 Ra6 24. Ra1 Rc6+ 25. Kb2 f5 26. Ra8 fxe4 27. fxe4
Kg8 28. e5 d5 29. Rd1 Bf7 30. Rf1 b6 31. Rf2 Re6 32. Qf4 h5 33. Rd8 c6 34. Rd7
Nf6 35. exf6 Rxf6 36. Qd2 Rxf2 37. Qxf2 Be8 38. Rxg7+ Kxg7 39. Qxb6 Rf6 40. Qd8
Bg6 41. Qe7+ Rf7 42. Qe5+ Kh7 43. g3 Rf2 44. Qc7+ Kh6 45. Qxc6 d4 46. Kc1 Rf1+
47. Kd2 Rf2+ 48. Kd1 Rh2 49. Qc5 Rh1+ 50. Kd2 Rh2+ 51. Kc1 Kh7 52. b4 Rh1+ 53.
Kb2 Rh2 54. Qxd4 Rxc2+ 55. Ka3 Rg2 56. Qa7+ Kh6 57. Qe3+ Kh7 58. b5 1-0

[Event "World Blitz 2025"]
[Site "Doha QAT"]
[Date "2025.12.29"]
[Round "7.57"]
[White "Raja, Harshit"]
[Black "Makarian, Rudik"]
[Result "0-1"]
[WhiteTitle "GM"]
[BlackTitle "GM"]
[WhiteElo "2472"]
[BlackElo "2524"]
[WhiteFideId "5089000"]
[BlackFideId "44105681"]
[EventDate "2025.12.29"]

1. e4 e5 2. Nf3 Nc6 3. Bb5 a6 4. Ba4 Nf6 5. O-O Be7 6. d3 b5 7. Bb3 d6 8. a3 O-O
9. Nc3 h6 10. h3 Rb8 11. Bd2 Bd7 12. Nd5 Nxd5 13. Bxd5 Bf6 14. b4 Ne7 15. Bb3
Ng6 16. Kh2 Be6 17. Bxe6 fxe6 18. c3 d5 19. Qb3 Be7 20. Rae1 c6 21. Ng1 Rb7 22.
Ne2 Bg5 23. Qa2 Rbf7 24. Bxg5 Qxg5 25. Ng3 h5 26. Nh1 Nf4 27. f3 Nxd3 28. Re2
Nf4 29. Ree1 h4 30. Rg1 Nd3 31. Nf2 Qg3+ 0-1

[Event "World Blitz 2025"]
[Site "Doha QAT"]
[Date "2025.12.29"]
[Round "7.58"]
[White "Keymer, Vincent"]
[Black "Kobalia, Mikhail"]
[Result "1-0"]
[WhiteTitle "GM"]
[BlackTitle "GM"]
[WhiteElo "2776"]
[BlackElo "2537"]
[WhiteFideId "12940690"]
[BlackFideId "4119150"]
[EventDate "2025.12.29"]

1. Nf3 d5 2. e3 Nf6 3. c4 c6 4. Nc3 e6 5. b3 Bd6 6. Bb2 O-O 7. Be2 Re8 8. O-O e5
9. cxd5 e4 10. Nd4 cxd5 11. d3 a6 12. Rc1 Qe7 13. dxe4 dxe4 14. Na4 Nd5 15. Rxc8
Rxc8 16. Nf5 Qe6 17. Bg4 Rd8 18. Nxg7 Qh6 19. Nh5 Nc6 20. Bd7 Rxd7 21. Qg4+ Qg6
22. Qxd7 Bxh2+ 23. Kxh2 Qxh5+ 24. Qh3 Qxh3+ 25. Kxh3 Ndb4 26. Nc5 Nd3 27. Ba3
Nxc5 28. Bxc5 Rd8 29. Kg3 Rd2 30. a4 Rb2 31. Rd1 Rxb3 32. Rd7 Rc3 33. Bb6 Ra3
34. Rxb7 Rxa4 35. Rc7 Rc4 36. Kf4 a5 37. Rc8+ Kg7 38. Bd4+ Kh6 39. Kxe4 a4 40.
Kd5 Ne7+ 41. Kxc4 Nxc8 42. Bc5 Kg5 43. Kb4 Kf5 44. f3 Ke5 45. Kxa4 Kd5 46. Kb4
f5 47. Kb5 h6 48. Kb4 h5 49. Kb5 h4 50. Kb4 f4 51. exf4 Ke6 52. Kc3 Kf5 53. Be3
Ne7 54. Kd3 Nd5 55. Ke2 Nxf4+ 56. Bxf4 Kxf4 57. Kf2 Kf5 58. Kg1 Kg5 59. Kh2 Kg6
60. Kh3 Kg5 61. f4+ Kh5 62. f5 Kg5 63. f6 1-0

[Event "World Blitz 2025"]
[Site "Doha QAT"]
[Date "2025.12.29"]
[Round "7.59"]
[White "Karthik, Venkataraman"]
[Black "Mitrabha, Guha"]
[Result "1/2-1/2"]
[WhiteTitle "GM"]
[BlackTitle "GM"]
[WhiteElo "2589"]
[BlackElo "2508"]
[WhiteFideId "25006479"]
[BlackFideId "5057000"]
[EventDate "2025.12.29"]

1. e4 c6 2. d4 d5 3. Nd2 dxe4 4. Nxe4 Nf6 5. Nxf6+ exf6 6. c3 a5 7. Bd3 Na6 8.
Ne2 g6 9. h4 h5 10. Qc2 Bg7 11. Be3 Nc7 12. O-O-O O-O 13. Nf4 Nd5 14. Kb1 Re8
15. Bc1 Nxf4 16. Bxf4 Qd5 17. f3 Be6 18. b3 a4 19. b4 f5 20. Rhe1 Bd7 21. Qd2 b6
22. Bf1 Rxe1 23. Rxe1 Be6 24. Be5 Rd8 25. Bc7 Rc8 26. Bxb6 Bf6 27. c4 Qd7 28.
Qf4 a3 29. g3 Be7 30. Bc5 Bxc5 31. dxc5 Rd8 32. Kc2 Qb7 33. Kb3 Rb8 34. Qd2 Qa7
35. Kc3 Qa4 36. Rb1 f4 37. gxf4 Bf5 38. Rb3 Qa7 39. Qc1 Qe7 40. Rxa3 Qxh4 41.
Qe3 1/2-1/2

[Event "World Blitz 2025"]
[Site "Doha QAT"]
[Date "2025.12.29"]
[Round "7.60"]
[White "Zemlyanskii, Ivan"]
[Black "Sankalp, Gupta"]
[Result "1-0"]
[WhiteTitle "GM"]
[BlackTitle "GM"]
[WhiteElo "2592"]
[BlackElo "2557"]
[WhiteFideId "24249971"]
[BlackFideId "5097010"]
[EventDate "2025.12.29"]

1. d4 Nf6 2. c4 e6 3. Nc3 Bb4 4. e3 O-O 5. Bd3 d5 6. cxd5 exd5 7. Ne2 c6 8. O-O
Re8 9. f3 c5 10. a3 cxd4 11. axb4 dxc3 12. Nxc3 Nc6 13. b5 Ne5 14. Be2 b6 15.
Ra4 Bb7 16. b3 Ned7 17. Rd4 Qc7 18. Qd2 Nc5 19. Bd1 Re7 20. Re1 Rd7 21. Bb2 Rad8
22. Ne2 Ne6 23. Ra4 Qc5 24. Rxa7 Qxb5 25. Nd4 Nxd4 26. Bxd4 Ne8 27. Be2 Qxb3 28.
Bd3 Bc6 29. Raa1 Bb5 30. Bf5 Rd6 31. Rab1 Qa4 32. Rb4 Qa8 33. Rxb5 Rc6 34. Rxb6
Nd6 35. Rxc6 Qxc6 36. Bd3 Nc4 37. Qc3 f6 38. Qc2 h6 39. Ra1 Qe6 40. Re1 Rc8 41.
Bf5 1-0

[Event "World Blitz 2025"]
[Site "Doha QAT"]
[Date "2025.12.29"]
[Round "7.61"]
[White "Sychev, Klementy"]
[Black "Cunha, Lucas Aguiar"]
[Result "1-0"]
[WhiteTitle "GM"]
[BlackTitle "FM"]
[WhiteElo "2517"]
[BlackElo "2263"]
[WhiteFideId "4114060"]
[BlackFideId "2125404"]
[EventDate "2025.12.29"]

1. e4 c5 2. Nf3 d6 3. d4 cxd4 4. Nxd4 Nf6 5. Nc3 Nc6 6. Bg5 e6 7. Qd3 h6 8. Bxf6
gxf6 9. O-O-O a6 10. f4 Qb6 11. Nb3 h5 12. h4 Qf2 13. g3 Rg8 14. Rh3 Bd7 15. Be2
Rh8 16. Rf1 Qa7 17. Kb1 O-O-O 18. Qd1 Be7 19. Bxh5 Rh7 20. Bf3 Kb8 21. Qd2 Bc8
22. Rh2 Rg8 23. Ne2 Qb6 24. g4 Rgh8 25. h5 Qc7 26. Ned4 Bd7 27. Nxc6+ Bxc6 28.
Nd4 Bd7 29. Be2 Qc5 30. Rg2 Rg7 31. Bf3 Bc8 32. Ka1 Rgg8 33. c3 Bf8 34. Rfg1 Bh6
35. g5 fxg5 36. fxg5 Bg7 37. g6 Be5 38. Nb3 Qb6 39. Nd4 fxg6 40. Rg3 Re8 41.
Rxg6 Rhf8 42. Bd1 Qc5 43. Bb3 Bf6 44. Rd1 e5 45. h6 Be7 46. Nc2 Rh8 47. h7 Ref8
48. Rh6 Ka8 49. Rdh1 Kb8 50. Qe3 Rf2 1-0